[Event "CZE-chT U18 Extraliga final-A 1617"]
[Site "Czech Republic"]
[Date "2017.04.23"]
[Round "11.3"]
[White "Stuchly, Ondrej"]
[Black "Janska, Jitka"]
[Result "0-1"]
[WhiteElo "2064"]
[BlackElo "2101"]
[PlyCount "76"]
[EventDate "2016.10.01"]
[EventType "team-tourn"]
[EventRounds "11"]
[EventCountry "CZE"]
[SourceTitle "EXT 2022"]
[Source "ChessBase"]
[SourceDate "2021.10.06"]
[SourceVersion "1"]
[SourceVersionDate "2021.10.06"]
[SourceQuality "1"]
[WhiteTeam "Stare Mesto U18"]
[BlackTeam "Klatovy U18"]
[WhiteTeamCountry "CZE"]
[BlackTeamCountry "CZE"]

1. d4 Nf6 2. c4 e6 3. Nc3 Bb4 4. e3 0-0 5. Bd3 Re8 6. Nf3 d5 7. 0-0 b6 8. Qc2 Bb7 9. Bd2 Bxc3 10. bxc3 Nbd7 11. cxd5 exd5 12. c4 Rc8 13. Ne5 Nxe5 14. dxe5 dxc4 15. Bxc4 Rxe5 16. Rad1 Qe8 17. f3 Bc6 18. Rc1 Bb5 19. e4 Bxc4 20. Qxc4 Rc5 21. Qb3 Rxc1 22. Rxc1 c5 23. a4 Qc6 24. Qc4 Rd8 25. Be3 Ne8 26. Bg5 Rd7 27. Bf4 Nd6 28. Qc2 Nb7 29. Qc4 Na5 30. Qc2 Rd4 31. Rd1 Qd7 32. Rxd4 Qxd4+ 33. Kf1 h6 34. g3 Nc6 35. Ke2 Qg1 36. Be3 Qxh2+ 37. Kd1 Qh1+ 38. Ke2 Qg2+ 0-1

[Event "CZE-chT2A 1617"]
[Site "Czech Republic"]
[Date "2017.01.29"]
[Round "7.2"]
[White "Novak, Petr1111"]
[Black "Janska, Jitka"]
[Result "1-0"]
[WhiteElo "2229"]
[BlackElo "2108"]
[PlyCount "87"]
[EventDate "2016.10.09"]
[EventType "team-tourn"]
[EventRounds "11"]
[EventCountry "CZE"]
[SourceTitle "EXT 2022"]
[Source "ChessBase"]
[SourceDate "2021.10.06"]
[SourceVersion "1"]
[SourceVersionDate "2021.10.06"]
[SourceQuality "1"]
[WhiteTeam "Praha Dukla"]
[BlackTeam "Domazlice"]
[WhiteTeamCountry "CZE"]
[BlackTeamCountry "CZE"]

1. d4 Nf6 2. c4 e6 3. Nf3 Bb4+ 4. Nbd2 0-0 5. e3 b6 6. Bd3 Bb7 7. 0-0 Bxd2 8. Nxd2 d5 9. b3 Nbd7 10. Bb2 Re8 11. Qc2 Rc8 12. e4 Nf8 13. e5 N6d7 14. c5 Nb8 15. b4 c6 16. Qa4 Rc7 17. f4 Bc8 18. Rf3 f5 19. Bc3 b5 20. Qc2 Ree7 21. Nf1 Rf7 22. Be1 Qe8 23. Rh3 Ng6 24. g3 Nf8 25. Nd2 g6 26. Nf3 h5 27. Qg2 Rg7 28. Bd2 a6 29. Kf2 Ra7 30. Rh4 Rac7 31. Rg1 Ra7 32. h3 g5 33. fxg5 Ng6 34. Be2 Rh7 35. Qf1 Nd7 36. Qd1 Ndf8 37. Ne1 Nxh4 38. gxh4 Ng6 39. Ng2 Rh8 40. Bxh5 Rxh5 41. Qxh5 Rh7 42. Qe2 Nxh4 43. g6 Rh8 44. Nf4 1-0

[Event "CZE-chT2A 1617"]
[Site "Czech Republic"]
[Date "2016.12.11"]
[Round "5.2"]
[White "Stockova, Zuzana"]
[Black "Janska, Jitka"]
[Result "1-0"]
[WhiteElo "2332"]
[BlackElo "2108"]
[PlyCount "95"]
[EventDate "2016.10.09"]
[EventType "team-tourn"]
[EventRounds "11"]
[EventCountry "CZE"]
[SourceTitle "EXT 2022"]
[Source "ChessBase"]
[SourceDate "2021.10.06"]
[SourceVersion "1"]
[SourceVersionDate "2021.10.06"]
[SourceQuality "1"]
[WhiteTeam "Karlovy Vary Tietz"]
[BlackTeam "Domazlice"]
[WhiteTeamCountry "CZE"]
[BlackTeamCountry "CZE"]

1. Nf3 Nf6 2. g3 b5 3. Bg2 Bb7 4. 0-0 c5 5. a4 a6 6. d3 g6 7. e4 Bg7 8. h3 d6 9. Be3 Qc7 10. Qd2 0-0 11. Bh6 Ne8 12. Nc3 b4 13. Nd1 Nd7 14. Nh4 e6 15. Bxg7 Nxg7 16. Ne3 f5 17. exf5 Bxg2 18. Nexg2 Nxf5 19. Nxf5 Rxf5 20. Ne3 Rf3 21. Qe2 Qc6 22. b3 Raf8 23. Rae1 h5 24. Nc4 R8f6 25. Nd2 Ne5 26. Qe4 Qe8 27. Kg2 Qf8 28. Nxf3 Nxf3 29. Re2 d5 30. Qe3 Nd4 31. Rd2 Rf3 32. Qg5 Kh7 33. h4 Rf5 34. Qe3 Rf3 35. Qe5 Rf5 36. Qc7+ Rf7 37. Qb6 a5 38. f4 e5 39. Rdf2 e4 40. dxe4 dxe4 41. Re1 Qa8 42. Re3 Nf5 43. Qxc5 Nxe3+ 44. Qxe3 Rc7 45. f5 gxf5 46. Rxf5 Rxc2+ 47. Kg1 Qe8 48. Rf6 1-0

[Event "CZE-ch U18/U20 Girls"]
[Site "Kovarska"]
[Date "2016.11.17"]
[Round "6"]
[White "Janska, Jitka"]
[Black "Pokorna, Jana"]
[Result "1-0"]
[WhiteElo "2125"]
[BlackElo "1564"]
[PlyCount "85"]
[EventDate "2016.11.13"]
[EventType "swiss"]
[EventRounds "9"]
[EventCountry "CZE"]
[SourceTitle "EXT 2022"]
[Source "ChessBase"]
[SourceDate "2021.10.06"]
[SourceVersion "1"]
[SourceVersionDate "2021.10.06"]
[SourceQuality "1"]

1. e4 e5 2. Nf3 Nc6 3. Bc4 Bc5 4. c3 Nf6 5. d4 exd4 6. cxd4 Bb4+ 7. Nbd2 Nxe4 8. d5 Ne7 9. 0-0 Nxd2 10. Bxd2 Bxd2 11. Qxd2 d6 12. Rac1 0-0 13. Rfe1 Re8 14. Bd3 Nxd5 15. Bxh7+ Kxh7 16. Qxd5 Kg8 17. Rxe8+ Qxe8 18. Rxc7 Qe6 19. Qb5 a6 20. Qa4 b5 21. Qa5 Qf6 22. Qb4 Bf5 23. Qd2 Qd8 24. Rc6 d5 25. h3 f6 26. Qf4 Bg6 27. Nd4 Qe8 28. Re6 Qd7 29. Rd6 Qc7 30. Rxf6 Qxf4 31. Rxf4 Re8 32. Kh2 Re4 33. Rxe4 Bxe4 34. Ne6 Bf5 35. Nd4 Bd7 36. Kg3 Kf7 37. Kf4 Kf6 38. h4 Bc8 39. b4 Bd7 40. a3 Bc8 41. f3 Bd7 42. Nb3 Bc8 43. Nc5 1-0

[Event "CZE-ch U18/U20 Girls"]
[Site "Kovarska"]
[Date "2016.11.13"]
[Round "1"]
[White "Vlkova, Anezka"]
[Black "Janska, Jitka"]
[Result "1-0"]
[WhiteElo "1898"]
[BlackElo "2125"]
[PlyCount "74"]
[EventDate "2016.11.13"]
[EventType "swiss"]
[EventRounds "9"]
[EventCountry "CZE"]
[SourceTitle "EXT 2022"]
[Source "ChessBase"]
[SourceDate "2021.10.06"]
[SourceVersion "1"]
[SourceVersionDate "2021.10.06"]
[SourceQuality "1"]

1. e4 e5 2. Nf3 Nc6 3. Bc4 Nf6 4. d3 Be7 5. c3 0-0 6. Nbd2 a6 7. 0-0 d6 8. Bb3 Na5 9. Bc2 c5 10. Re1 b5 11. Nf1 Qc7 12. Ne3 g6 13. d4 cxd4 14. cxd4 Nc6 15. a3 Re8 16. Bb3 Bf8 17. Nd5 Nxd5 18. Bxd5 Bb7 19. Ng5 Re7 20. dxe5 dxe5 21. Be3 h6 22. Nf3 Rc8 23. Rc1 Bg7 24. Rc3 Kh7 25. Nh4 Rd7 26. Qg4 Rd6 27. Rec1 f5 28. Qe2 f4 29. Bc5 Rf6 30. Qg4 Qd8 31. Bf7 Rxf7 32. Qxg6+ Kg8 33. Nf5 Qf6 34. Nxh6+ Kh8 35. Nxf7+ Kg8 36. Qxf6 Bxf6 37. Nd6 Nd8 1-0

[Event "CZE-chT2A 1617"]
[Site "Czech Republic"]
[Date "2016.10.30"]
[Round "2.3"]
[White "Freisler, Pavel"]
[Black "Janska, Jitka"]
[Result "1/2-1/2"]
[WhiteElo "2256"]
[BlackElo "2108"]
[PlyCount "132"]
[EventDate "2016.10.09"]
[EventType "team-tourn"]
[EventRounds "11"]
[EventCountry "CZE"]
[SourceTitle "EXT 2022"]
[Source "ChessBase"]
[SourceDate "2021.10.06"]
[SourceVersion "1"]
[SourceVersionDate "2021.10.06"]
[SourceQuality "1"]
[WhiteTeam "Kladno"]
[BlackTeam "Domazlice"]
[WhiteTeamCountry "CZE"]
[BlackTeamCountry "CZE"]

1. Nf3 Nf6 2. c4 e6 3. g3 b6 4. Bg2 Bb7 5. Nc3 d6 6. d4 Nbd7 7. 0-0 Be7 8. Qc2 0-0 9. e4 e5 10. Rd1 Qb8 11. b3 Re8 12. Bb2 Bf8 13. Nd5 c6 14. Nc3 Qc7 15. Rd2 Rad8 16. Rad1 g6 17. a3 a6 18. dxe5 dxe5 19. b4 Bh6 20. Rd3 c5 21. Nd5 Bxd5 22. cxd5 Nxe4 23. d6 Qb8 24. h4 Nef6 25. Ng5 Bg7 26. Qc4 Rf8 27. Qxa6 b5 28. Bc6 Kh8 29. Qxb5 Qxb5 30. Bxb5 cxb4 31. axb4 h6 32. Nh3 Rb8 33. Bxd7 Nxd7 34. Bc3 Bf6 35. f3 Rfd8 36. Nf2 e4 37. Nxe4 Bxc3 38. Rxc3 Rxb4 39. Rd2 Ne5 40. Kg2 Nc4 41. Rd5 f5 42. Nf2 Nxd6 43. Rc6 Nf7 44. Rxd8+ Nxd8 45. Rxg6 Kh7 46. Rf6 Rb5 47. Nd3 Kg7 48. Ra6 Nf7 49. Re6 Nd8 50. Re8 Nc6 51. Kf2 Kf7 52. Re2 Rb3 53. Ke3 Ne5 54. Kf4 Nxd3+ 55. Kxf5 Rb5+ 56. Kg4 Ne5+ 57. Kf4 Ng6+ 58. Kg4 Rb4+ 59. Kh3 Rxh4+ 60. Kg2 Rc4 61. Ra2 Ne5 62. Ra7+ Kg6 63. Ra6+ Rc6 64. Rxc6+ Nxc6 65. g4 Nd4 66. f4 Ne2 1/2-1/2

[Event "Plzen op 8th"]
[Site "Plzen"]
[Date "2016.10.14"]
[Round "6"]
[White "Janska, Jitka"]
[Black "Novotny, Martin"]
[Result "1-0"]
[WhiteElo "2101"]
[BlackElo "1863"]
[PlyCount "45"]
[EventDate "2016.10.09"]
[EventType "swiss"]
[EventRounds "7"]
[EventCountry "CZE"]
[SourceTitle "EXT 2017"]
[Source "ChessBase"]
[SourceDate "2016.10.25"]
[SourceVersion "1"]
[SourceVersionDate "2016.10.25"]
[SourceQuality "1"]

1. e4 g6 2. Nf3 Bg7 3. Bc4 d6 4. 0-0 a6 5. Ng5 e6 6. f4 h6 7. Nf3 b5 8. Bb3 Ne7 9. c3 Bb7 10. Qe1 0-0 11. Nh4 Bf6 12. d3 Nd7 13. f5 Nxf5 14. Nxg6 fxg6 15. exf5 Nc5 16. Bxh6 Re8 17. fxg6 Nxb3 18. axb3 Bg7 19. Qe3 Qh4 20. Bxg7 Kxg7 21. Rf4 Qh8 22. Rf7+ Kxg6 23. Rf4 1-0

[Event "CZE-chT U18 Extraliga West 1617"]
[Site "Czech Republic"]
[Date "2016.10.01"]
[Round "1.4"]
[White "Janska, Jitka"]
[Black "Solc, Filip"]
[Result "1-0"]
[WhiteElo "2101"]
[BlackElo "1980"]
[PlyCount "55"]
[EventDate "2016.10.01"]
[EventType "team-tourn"]
[EventRounds "11"]
[EventCountry "CZE"]
[SourceTitle "EXT 2022"]
[Source "ChessBase"]
[SourceDate "2021.10.06"]
[SourceVersion "1"]
[SourceVersionDate "2021.10.06"]
[SourceQuality "1"]
[WhiteTeam "Klatovy U18"]
[BlackTeam "Vlasim U18"]
[WhiteTeamCountry "CZE"]
[BlackTeamCountry "CZE"]

1. e4 c5 2. Nc3 e6 3. Nf3 a6 4. a4 d5 5. exd5 exd5 6. d4 c4 7. g3 Nc6 8. Bg2 Be7 9. 0-0 Bg4 10. h3 Bh5 11. Re1 Nf6 12. g4 Bg6 13. Ne5 Nb4 14. Re2 0-0 15. f4 h5 16. f5 Bh7 17. g5 Nd7 18. g6 Nxe5 19. gxh7+ Kxh7 20. Rxe5 Bf6 21. Re2 Qd7 22. Bf4 Rad8 23. Qd2 Kg8 24. Be5 Bxe5 25. Rxe5 Rfe8 26. Rae1 b5 27. Nxd5 Nxd5 28. Rxd5 1-0

[Event "EU-ch U18 Girls 26th"]
[Site "Prague"]
[Date "2016.08.24"]
[Round "6"]
[White "Janska, Jitka"]
[Black "Georgescu, Lena"]
[Result "0-1"]
[WhiteElo "2052"]
[BlackElo "2174"]
[PlyCount "86"]
[EventDate "2016.08.18"]
[EventType "swiss"]
[EventRounds "9"]
[EventCountry "CZE"]
[SourceTitle "CBM 174 Extra"]
[Source "ChessBase"]
[SourceDate "2016.10.10"]
[SourceVersion "1"]
[SourceVersionDate "2016.10.10"]
[SourceQuality "1"]

1. e4 c5 2. Nf3 d6 3. Bb5+ Nd7 4. 0-0 a6 5. Be2 Ngf6 6. Re1 Nxe4 7. Bc4 Nef6 8. Ng5 d5 9. Bxd5 Nxd5 10. Nxf7 Kxf7 11. Qh5+ g6 12. Qxd5+ Ke8 13. d4 Nf6 14. Qxc5 Qd5 15. Qb6 Qc6 16. Qb3 Bg7 17. Nc3 b5 18. Qb4 Ra7 19. Re5 Qc4 20. Qxc4 bxc4 21. Na4 Bd7 22. Nb6 Ng4 23. Re4 Bf5 24. Rf4 Nf6 25. Nxc4 Nd5 26. Rf3 Bxc2 27. Ne3 Be4 28. Nxd5 Bxd5 29. Rc3 Rb7 30. b3 Kd7 31. Ba3 Rc8 32. Re1 e6 33. Rh3 h6 34. Bc5 Ke8 35. b4 Bxa2 36. Ra1 Bc4 37. Rc3 Rxc5 38. bxc5 Bxd4 39. Rxc4 Bxa1 40. g3 Bf6 41. Re4 Kf7 42. c6 Rb1+ 43. Kg2 Rc1 0-1

[Event "EU-ch U18 Girls 26th"]
[Site "Prague"]
[Date "2016.08.19"]
[Round "2"]
[White "Janska, Jitka"]
[Black "Unuk, Laura"]
[Result "0-1"]
[WhiteElo "2052"]
[BlackElo "2240"]
[PlyCount "64"]
[EventDate "2016.08.18"]
[EventType "swiss"]
[EventRounds "9"]
[EventCountry "CZE"]
[SourceTitle "CBM 174 Extra"]
[Source "ChessBase"]
[SourceDate "2016.10.10"]
[SourceVersion "1"]
[SourceVersionDate "2016.10.10"]
[SourceQuality "1"]

1. e4 e5 2. Nf3 Nc6 3. Bc4 Nf6 4. d3 Be7 5. 0-0 0-0 6. Re1 d6 7. c3 Na5 8. Bb5 a6 9. Ba4 b5 10. Bc2 c5 11. Nbd2 Nc6 12. Nf1 Re8 13. Ng3 h6 14. d4 exd4 15. cxd4 Bg4 16. Be3 Nd7 17. e5 dxe5 18. dxc5 Nxc5 19. Bxc5 Bxc5 20. Be4 Qb6 21. Qc2 Bxf3 22. Bxf3 Nd4 23. Qe4 Rad8 24. Rac1 f5 25. Qb7 Qd6 26. Red1 Re7 27. Nxf5 Rxb7 28. Nxd6 Nxf3+ 29. gxf3 Rxd6 30. Rxd6 Bxd6 31. Rc6 Rd7 32. Rxa6 Bc5 0-1

[Event "EU-chT U18 Girls"]
[Site "Celje"]
[Date "2016.07.16"]
[Round "7.2"]
[White "Janska, Jitka"]
[Black "Caglar, Sila"]
[Result "1/2-1/2"]
[WhiteElo "2034"]
[BlackElo "1898"]
[PlyCount "131"]
[EventDate "2016.07.10"]
[EventType "team-swiss"]
[EventRounds "7"]
[EventCountry "SLO"]
[SourceTitle "CBM 173 Extra"]
[Source "ChessBase"]
[SourceDate "2016.08.29"]
[SourceVersion "1"]
[SourceVersionDate "2016.08.29"]
[SourceQuality "1"]
[WhiteTeam "Czech Republic U18 Girls"]
[BlackTeam "Turkey U18 Girls III"]
[WhiteTeamCountry "CZE"]
[BlackTeamCountry "TUR"]

1. e4 c5 2. Nc3 Nc6 3. Bb5 Nd4 4. Bc4 e6 5. Nf3 Nf6 6. 0-0 a6 7. d3 b5 8. Bb3 Bb7 9. Nxd4 cxd4 10. Ne2 Bc5 11. Bg5 h6 12. Bh4 g5 13. Bg3 d6 14. c3 dxc3 15. bxc3 d5 16. e5 Nh5 17. d4 Ba3 18. Rb1 Ng7 19. Bc2 g4 20. f3 h5 21. fxg4 hxg4 22. Rb3 Bf8 23. Rf4 Qg5 24. Nc1 Nf5 25. Rxg4 Qe3+ 26. Bf2 Qh6 27. h3 Ne3 28. Bxe3 Qxe3+ 29. Kf1 Bh6 30. Ne2 Ke7 31. Ke1 Rag8 32. c4 Rxg4 33. Rxe3 Bxe3 34. Qd3 Rxg2 35. Qxe3 dxc4 36. Be4 Bxe4 37. Qxe4 Rh2 38. Nf4 Rxa2 39. Qb7+ Kf8 40. Nxe6+ fxe6 41. Qc8+ Kg7 42. Qd7+ Kf8 43. Qd8+ Kg7 44. Qf6+ Kg8 45. Qxe6+ Kf8 46. Qf6+ Kg8 47. Qg6+ Kf8 48. e6 Ra1+ 49. Kf2 Ra2+ 50. Kg3 Ra3+ 51. Kg4 Rg8 52. e7+ Kxe7 53. Qxg8 Rd3 54. d5 Kd6 55. Qe6+ Kc5 56. Qc6+ Kb4 57. d6 Kb3 58. Qxa6 b4 59. Kf4 Rd2 60. Ke3 c3 61. d7 Kb2 62. Qb6 b3 63. d8Q Rxd8 64. Qxd8 c2 65. Qd4+ Kb1 66. Qd3 1/2-1/2

[Event "EU-chT U18 Girls"]
[Site "Celje"]
[Date "2016.07.10"]
[Round "1.2"]
[White "Martynkova, Olena"]
[Black "Janska, Jitka"]
[Result "1-0"]
[WhiteElo "2289"]
[BlackElo "2034"]
[PlyCount "87"]
[EventDate "2016.07.10"]
[EventType "team-swiss"]
[EventRounds "7"]
[EventCountry "SLO"]
[SourceTitle "CBM 173 Extra"]
[Source "ChessBase"]
[SourceDate "2016.08.29"]
[SourceVersion "1"]
[SourceVersionDate "2016.08.29"]
[SourceQuality "1"]
[WhiteTeam "Ukraine U18 Girls"]
[BlackTeam "Czech Republic U18 Girls"]
[WhiteTeamCountry "UKR"]
[BlackTeamCountry "CZE"]

1. d4 Nf6 2. c4 e6 3. g3 Bb4+ 4. Bd2 Qe7 5. Nf3 Nc6 6. e3 Bxd2+ 7. Qxd2 d6 8. Nc3 e5 9. d5 Nd8 10. Bg2 a5 11. 0-0 0-0 12. b3 b6 13. a3 Ba6 14. Qe2 Rb8 15. b4 Qe8 16. Rfb1 Nd7 17. Bh3 f5 18. e4 f4 19. Nb5 Bxb5 20. cxb5 Rf6 21. Rc1 Rb7 22. Rc3 Nf8 23. Rac1 Qe7 24. bxa5 bxa5 25. a4 Ra7 26. Bg4 Kh8 27. h4 h6 28. h5 g5 29. hxg6 Nxg6 30. Qc2 Rf7 31. Bh5 Rg7 32. Bxg6 Rxg6 33. Rxc7 Rxc7 34. Qxc7 Qf6 35. Kg2 fxg3 36. fxg3 Nf7 37. Qc8+ Kh7 38. Qf5 Qxf5 39. exf5 Rg8 40. Rc7 Kg7 41. Nd2 Kf6 42. b6 Rb8 43. Nc4 Nd8 44. g4 1-0

[Event "Marienske Lazne op 15th"]
[Site "Marianske Lazne"]
[Date "2016.01.22"]
[Round "8"]
[White "Janska, Jitka"]
[Black "Janiszewski, Maciej"]
[Result "0-1"]
[WhiteElo "2066"]
[BlackElo "2003"]
[PlyCount "110"]
[EventDate "2016.01.16"]
[EventType "swiss"]
[EventRounds "9"]
[EventCountry "CZE"]
[SourceTitle "CBM 170 Extra"]
[Source "ChessBase"]
[SourceDate "2016.02.25"]
[SourceVersion "1"]
[SourceVersionDate "2016.02.25"]
[SourceQuality "1"]

1. e4 d5 2. exd5 Nf6 3. c4 e6 4. dxe6 Bxe6 5. Nf3 Nc6 6. d4 Qe7 7. Qe2 0-0-0 8. d5 Qb4+ 9. Nc3 Bg4 10. a3 Qb3 11. dxc6 Bc5 12. Be3 Rhe8 13. cxb7+ Kb8 14. Rd1 Bxa3 15. Rd3 Rxd3 16. Qxd3 Qxb2 17. Qd2 Qa1+ 18. Ke2 Bb4 19. Qa2 Bxc3 20. Qxa1 Bxa1 21. Kd2 Rd8+ 22. Kc1 Bxf3 23. gxf3 Bd4 24. Bg2 Kxb7 25. Kc2 Bxe3 26. fxe3 Rd6 27. Kc3 c5 28. e4 Nh5 29. Rb1+ Rb6 30. Rd1 Nf4 31. Bf1 Kc7 32. Ra1 a6 33. Ra5 Rc6 34. Ra2 Rh6 35. Rb2 Rg6 36. Kd2 Rg1 37. Ke3 g5 38. Rf2 Kd6 39. Rd2+ Ke5 40. Rd1 Rh1 41. h3 h5 42. Kf2 Rh2+ 43. Ke3 Ra2 44. Rd7 Ra1 45. Kf2 Ra2+ 46. Ke3 Ra3+ 47. Kf2 f6 48. Rc7 Ne6 49. Re7 h4 50. Rd7 Kf4 51. Rd6 Rxf3+ 52. Kg2 Rg3+ 53. Kf2 Ke5 54. Rxa6 Nf4 55. Rc6 Nxh3+ 0-1

[Event "Marienske Lazne op 15th"]
[Site "Marianske Lazne"]
[Date "2016.01.19"]
[Round "5"]
[White "Piotrowski, Przemyslaw"]
[Black "Janska, Jitka"]
[Result "1-0"]
[WhiteElo "2185"]
[BlackElo "2066"]
[PlyCount "79"]
[EventDate "2016.01.16"]
[EventType "swiss"]
[EventRounds "9"]
[EventCountry "CZE"]
[SourceTitle "CBM 170 Extra"]
[Source "ChessBase"]
[SourceDate "2016.02.25"]
[SourceVersion "1"]
[SourceVersionDate "2016.02.25"]
[SourceQuality "1"]

1. d4 Nf6 2. Nf3 e6 3. g3 b5 4. Bg2 Bb7 5. 0-0 c5 6. c3 Be7 7. a4 b4 8. cxb4 cxb4 9. Nbd2 0-0 10. a5 Na6 11. Re1 d5 12. Ne5 Nd7 13. Nd3 Qc7 14. e4 Rae8 15. e5 f5 16. Nb3 Rf7 17. Be3 Rc8 18. Rc1 Qd8 19. Qd2 Bc6 20. Nf4 Nf8 21. Bf1 Nb8 22. Nd3 g5 23. f3 Na6 24. Ndc5 Nxc5 25. dxc5 f4 26. gxf4 gxf4 27. Bf2 Rg7+ 28. Kh1 d4 29. Nxd4 Qd5 30. Bg2 Rd8 31. Qxb4 Ng6 32. Nxc6 Qxc6 33. Qe4 Qxe4 34. Rxe4 Nh4 35. Bxh4 Bxh4 36. Bh3 Rg6 37. c6 Rc8 38. c7 Kg7 39. Bg4 Bf2 40. Rb4 1-0

[Event "CZE-ch U18/20 Girls"]
[Site "Doksy"]
[Date "2015.11.25"]
[Round "8"]
[White "Kanakova, Natalie"]
[Black "Janska, Jitka"]
[Result "1/2-1/2"]
[WhiteElo "2061"]
[BlackElo "2032"]
[PlyCount "86"]
[EventDate "2015.11.14"]
[EventType "swiss"]
[EventRounds "9"]
[EventCountry "CZE"]
[SourceTitle "EXT 2022"]
[Source "ChessBase"]
[SourceDate "2021.10.06"]
[SourceVersion "1"]
[SourceVersionDate "2021.10.06"]
[SourceQuality "1"]

1. e4 Nc6 2. Nf3 d5 3. exd5 Qxd5 4. Nc3 Qa5 5. d4 Bg4 6. Bb5 0-0-0 7. Bxc6 bxc6 8. h3 Qh5 9. Qe2 Bxf3 10. gxf3 e6 11. Be3 Bb4 12. Qa6+ Kd7 13. 0-0-0 Bxc3 14. bxc3 Ne7 15. c4 Rb8 16. d5 exd5 17. cxd5 cxd5 18. Rhg1 Qe5 19. Rd4 Nf5 20. Qa4+ Ke6 21. f4 Qd6 22. Rd3 Rb4 23. Qxa7 Rhb8 24. Rb3 d4 25. Bd2 Rxb3 26. axb3 Rb6 27. Re1+ Kf6 28. Qa5 g6 29. Kb2 Ra6 30. Qe5+ Qxe5 31. fxe5+ Ke6 32. Bb4 Rb6 33. Bc5 Rb5 34. b4 Kd5 35. Kb3 Rb8 36. c4+ dxc3 37. Kxc3 Re8 38. f4 Ra8 39. Kb3 Ng3 40. Rd1+ Ke6 41. Be3 Nf5 42. Bc5 h6 43. Bg1 h5 1/2-1/2

[Event "CZE-ch U18/20 Girls"]
[Site "Doksy"]
[Date "2015.11.25"]
[Round "7"]
[White "Nemcova, Karin"]
[Black "Janska, Jitka"]
[Result "1/2-1/2"]
[WhiteElo "1999"]
[BlackElo "2032"]
[PlyCount "81"]
[EventDate "2015.11.14"]
[EventType "swiss"]
[EventRounds "9"]
[EventCountry "CZE"]
[SourceTitle "EXT 2022"]
[Source "ChessBase"]
[SourceDate "2021.10.06"]
[SourceVersion "1"]
[SourceVersionDate "2021.10.06"]
[SourceQuality "1"]

1. e4 e5 2. Nf3 Nc6 3. d4 exd4 4. Nxd4 Bb4+ 5. c3 Bc5 6. Be3 Bb6 7. Bc4 Qh4 8. Nd2 d6 9. 0-0 Nf6 10. Bb5 Bd7 11. Bxc6 bxc6 12. N4f3 Qh5 13. Bxb6 axb6 14. e5 dxe5 15. Nxe5 Qxd1 16. Rfxd1 0-0 17. Nxd7 Nxd7 18. Nf3 Nf6 19. a3 Ra5 20. Rd2 Rb5 21. Re1 Rc8 22. g3 Kf8 23. Re5 Rd5 24. Rd4 Rcd8 25. Re1 Rxd4 26. Nxd4 Rd6 27. f4 c5 28. Nf3 Rd3 29. Kg2 Ng4 30. Re2 f6 31. h3 Ne3+ 32. Kf2 Nc4 33. a4 Na5 34. Rd2 Rd6 35. Rxd6 cxd6 36. Nd2 d5 37. b4 cxb4 38. cxb4 Nc6 39. b5 Nd8 40. Nb3 Ke7 41. a5 1/2-1/2

[Event "CZE-chT U18 Extraliga West 1516"]
[Site "Czech Republic"]
[Date "2015.10.03"]
[Round "2.1"]
[White "Janska, Jitka"]
[Black "Vystrcil, Martin"]
[Result "0-1"]
[WhiteElo "2090"]
[BlackElo "1944"]
[PlyCount "102"]
[EventDate "2015.10.03"]
[EventType "team-tourn"]
[EventRounds "11"]
[EventCountry "CZE"]
[SourceTitle "EXT 2022"]
[Source "ChessBase"]
[SourceDate "2021.10.06"]
[SourceVersion "1"]
[SourceVersionDate "2021.10.06"]
[SourceQuality "1"]
[WhiteTeam "Klatovy U18"]
[BlackTeam "Ricany U18"]
[WhiteTeamCountry "CZE"]
[BlackTeamCountry "CZE"]

1. e4 Nf6 2. e5 Nd5 3. d4 d6 4. c4 Nb6 5. exd6 cxd6 6. Nc3 g6 7. Be3 Bg7 8. Qd2 Bf5 9. h3 h5 10. Nf3 N8d7 11. Nh4 e6 12. Nxf5 gxf5 13. Bd3 0-0 14. g4 e5 15. Bh6 Re8 16. 0-0-0 exd4 17. Bxg7 Kxg7 18. Nb5 Ne5 19. gxf5 Qf6 20. Kb1 Rec8 21. Rhg1+ Kf8 22. Qe2 Nxd3 23. Qxd3 Nxc4 24. Nxd4 Ne5 25. Qa3 Nc4 26. Qg3 Re8 27. Qg8+ Ke7 28. Qg2 Kf8 29. Qg8+ Ke7 30. Qg5 Qxg5 31. Rxg5 Rh8 32. b3 Nb6 33. Nb5 a6 34. Nc7 Rag8 35. f4 Kd7 36. Nd5 Nxd5 37. Rxd5 f6 38. Rg6 Rxg6 39. fxg6 Ke6 40. g7 Rg8 41. Rxh5 Rxg7 42. Kb2 Rg2+ 43. Ka3 d5 44. b4 Rc2 45. Kb3 Rc8 46. a4 d4 47. Rc5 Rxc5 48. bxc5 Kf5 49. Kc2 Kxf4 50. Kd3 Kf3 51. Kxd4 f5 0-1

[Event "Klatovy op 21st"]
[Site "Klatovy"]
[Date "2015.07.05"]
[Round "9"]
[White "Janska, Jitka"]
[Black "Krivanek, Vladimir"]
[Result "1/2-1/2"]
[WhiteElo "2080"]
[BlackElo "2161"]
[PlyCount "107"]
[EventDate "2015.06.27"]
[EventType "swiss"]
[EventRounds "9"]
[EventCountry "CZE"]
[SourceTitle "EXT 2016"]
[Source "ChessBase"]
[SourceDate "2015.10.08"]
[SourceVersion "1"]
[SourceVersionDate "2015.10.08"]
[SourceQuality "1"]

1. e4 e6 2. d4 c5 3. Nf3 cxd4 4. Nxd4 Nf6 5. Bd3 a6 6. 0-0 Qc7 7. Qe2 Bc5 8. Nb3 Ba7 9. e5 Nd5 10. Re1 Nc6 11. Na3 d6 12. Qg4 Bd7 13. exd6 Qxd6 14. Nc4 Qc7 15. Qg5 Nce7 16. Qxg7 0-0-0 17. Qe5 f6 18. Qxc7+ Kxc7 19. Bd2 Rdg8 20. Be4 h5 21. Rad1 Rg7 22. Ne3 Rhg8 23. Nxd5+ exd5 24. Bf4+ Kc8 25. Bf3 Ng6 26. Bh6 Nh4 27. Bxg7 Nxf3+ 28. gxf3 Rxg7+ 29. Kh1 Bxf2 30. Re2 Bb6 31. Nd4 Bh3 32. c3 Rg5 33. Rde1 Kd7 34. Rf2 Re5 35. Ree2 h4 36. f4 Rh5 37. Re3 Bf5 38. Rfe2 Bxd4 39. cxd4 Be4+ 40. Kg1 Ke6 41. Rb3 Rh7 42. Kf2 Kf5 43. Ke3 Re7 44. Rb6 Kg4 45. Rf2 Kf5 46. Kd2 Rc7 47. Ke3 Re7 48. Kd2 Rc7 49. Kd1 Rc4 50. Rxb7 Rxd4+ 51. Ke1 Rc4 52. Rb6 Rc1+ 53. Kd2 Rc2+ 54. Ke1 1/2-1/2

[Event "Klatovy op 21st"]
[Site "Klatovy"]
[Date "2015.07.03"]
[Round "7"]
[White "Kopta, Pavel"]
[Black "Janska, Jitka"]
[Result "1-0"]
[WhiteElo "2275"]
[BlackElo "2080"]
[PlyCount "83"]
[EventDate "2015.06.27"]
[EventType "swiss"]
[EventRounds "9"]
[EventCountry "CZE"]
[SourceTitle "EXT 2016"]
[Source "ChessBase"]
[SourceDate "2015.10.08"]
[SourceVersion "1"]
[SourceVersionDate "2015.10.08"]
[SourceQuality "1"]

1. d4 d5 2. c4 e6 3. Nc3 Nf6 4. Bg5 Be7 5. e3 0-0 6. cxd5 exd5 7. Bd3 c6 8. Qc2 Nbd7 9. Nf3 Re8 10. 0-0 Nf8 11. Rae1 Ne4 12. Bxe7 Qxe7 13. Bxe4 dxe4 14. Nd2 f5 15. f3 exf3 16. Nxf3 Be6 17. e4 f4 18. d5 Qc5+ 19. Qf2 Qxf2+ 20. Rxf2 cxd5 21. exd5 Bg4 22. Rfe2 Rxe2 23. Rxe2 Bxf3 24. gxf3 Rd8 25. Re7 Rd7 26. d6 Rxd6 27. Rxb7 a6 28. Ne4 Rc6 29. a4 Ne6 30. a5 Nc7 31. b4 Rg6+ 32. Kf2 Nd5 33. h4 h6 34. h5 Rc6 35. b5 axb5 36. Rxb5 Nc3 37. Rb6 Nxe4+ 38. fxe4 Rc3 39. Rb7 Ra3 40. Ra7 Re3 41. a6 Ra3 42. e5 1-0